000 00778cam a2200253 a 4500
001 666446
003 OSt
005 20230928082732.0
008 941221s1994 enka b 001 0 eng
010 _a 94240378
020 _a0750601876
040 _aDLC
_cDLC
050 0 0 _aQR67
_b.G55 1994
082 0 0 _aQW4 G415m 1994
100 1 _aGillespie, S. H.
_92530
245 1 0 _aMedical Microbiology Illustrated
260 _aOxford, Eng. ;
_bButterworth Heinmann,
_c1994.
300 _a286 p. :
_bcol.ill ;
_c26 cm.
504 _aIncludes bibliographical references (p. 270-274) and index.
650 0 _aDiagnostic microbiology
_91421
906 _a7
_bcbc
_corignew
_d3
_encip
_f19
_gy-gencatlg
942 _2ddc
_cO_SHELF
999 _c4164
_d4164